[Event "XXVIII Festival Conca della Presolana A"]
[Site "Bratto - Castione della Presolana ITA"]
[Date "2008.08.29"]
[Round "8"]
[White "Scotti, Umberto"]
[Black "Fierro Baquero, Martha Lorena"]
[Result "0-1"]
[WhiteElo "2172"]
[BlackElo "2379"]
[PlyCount "60"]
[EventDate "2008.08.22"]

1. d4 g6 2. Nf3 Bg7 3. c4 d6 4. Nc3 Nf6 5. e4 O-O 6. Be2 Bg4 7. Be3 Nbd7 8. O-O
c6 9. Qd2 e5 10. dxe5 dxe5 11. Rad1 Qe7 12. Qd6 Qxd6 13. Rxd6 Rfe8 14. h3 Bxf3
15. Bxf3 Bf8 16. Rd3 Nc5 17. Bxc5 Bxc5 18. Rfd1 h5 19. Ne2 a5 20. h4 a4 21. g3
Kg7 22. Kf1 Ra6 23. Rd8 Rb6 24. Rxe8 Nxe8 25. Rd2 Rb4 26. Rc2 Nd6 27. Nc3 Bd4
28. c5 Nc4 29. b3 axb3 30. axb3 Rxb3 0-1

[Event "XXVIII Festival Conca della Presolana A"]
[Site "Bratto - Castione della Presolana ITA"]
[Date "2008.08.29"]
[Round "8"]
[White "Simutowe, Amon"]
[Black "Brunello, Sabino"]
[Result "0-1"]
[WhiteElo "2458"]
[BlackElo "2482"]
[PlyCount "88"]
[EventDate "2008.08.22"]

1. e4 e5 2. Nf3 Nc6 3. Nc3 Nf6 4. d4 exd4 5. Nxd4 Bb4 6. Nxc6 bxc6 7. Bd3 O-O
8. O-O d5 9. exd5 cxd5 10. Bg5 c6 11. Qf3 Re8 12. Qg3 Bd6 13. f4 Bd7 14. Kh1 h6
15. Bxh6 Ng4 16. Bg5 Qxg5 17. fxg5 Bxg3 18. hxg3 Re5 19. Rae1 Rxg5 20. Na4 Ne5
21. Nc5 Bc8 22. Rf4 f6 23. Kh2 Kf7 24. Kg1 Ke7 25. Re3 Kd6 26. b4 a5 27. a3
axb4 28. axb4 Ra1+ 29. Rf1 Ra2 30. c3 Ra3 31. Be2 Bg4 32. Bxg4 Rxg4 33. Rf4
Rxf4 34. gxf4 Ra1+ 35. Kf2 Ng4+ 36. Kf3 Nxe3 37. Kxe3 Rg1 38. Kf2 Rc1 39. Na4
Ra1 40. Nc5 Ra3 41. Nb7+ Kd7 42. Nc5+ Ke7 43. f5 Rxc3 44. Ne6 g5 0-1

[Event "XXVIII Festival Conca della Presolana A"]
[Site "Bratto - Castione della Presolana ITA"]
[Date "2008.08.29"]
[Round "8"]
[White "Spassov, Liuben D."]
[Black "Guido, Flavio"]
[Result "1/2-1/2"]
[WhiteElo "2428"]
[BlackElo "2356"]
[PlyCount "44"]
[EventDate "2008.08.22"]

1. d4 Nf6 2. c4 g6 3. Nc3 d5 4. Nf3 Bg7 5. Bg5 Ne4 6. Bf4 Nxc3 7. bxc3 c5 8.
cxd5 Qxd5 9. e3 cxd4 10. cxd4 O-O 11. Be2 Qa5+ 12. Qd2 Qxd2+ 13. Kxd2 Nc6 14.
Rhc1 Rd8 15. Rc5 e5 16. Nxe5 Nxe5 17. Bxe5 b6 18. Bxg7 bxc5 19. Bf6 Rd7 20. Bg4
cxd4 21. Bxd7 dxe3+ 22. Kxe3 Bxd7 1/2-1/2

[Event "XXVIII Festival Conca della Presolana A"]
[Site "Bratto - Castione della Presolana ITA"]
[Date "2008.08.29"]
[Round "8"]
[White "Stips, Felix"]
[Black "Finocchiaro, Gianluca"]
[Result "1-0"]
[WhiteElo "2061"]
[BlackElo "2021"]
[PlyCount "91"]
[EventDate "2008.08.22"]

1. Nf3 d6 2. d4 Bg4 3. c4 Bxf3 4. exf3 Nd7 5. f4 g6 6. Nc3 Bg7 7. Be3 Nh6 8. f3
Nf5 9. Bf2 c5 10. d5 Qa5 11. Qd2 Nd4 12. Rb1 O-O 13. Bd3 a6 14. Rc1 b5 15. b3
e5 16. fxe5 Nxe5 17. Be2 Nxe2 18. Kxe2 Rfe8 19. Ne4 Qxd2+ 20. Kxd2 Bh6+ 21. Be3
Bxe3+ 22. Kxe3 Kg7 23. Kd2 bxc4 24. bxc4 Red8 25. Kc3 f5 26. Ng5 Rdb8 27. Rb1
a5 28. Ne6+ Kf6 29. Nc7 Rxb1 30. Rxb1 Ra7 31. Nb5 Rb7 32. Re1 Rd7 33. f4 Nf7
34. Re6+ Kg7 35. Kb3 g5 36. g3 gxf4 37. gxf4 Rd8 38. Ka4 h5 39. a3 Nh8 40. Nxd6
Rf8 41. Kxa5 Ng6 42. Ne8+ Kh6 43. Kb5 Kh7 44. Nf6+ Kh6 45. Nd7 Ra8 46. Ne5 1-0

[Event "XXVIII Festival Conca della Presolana A"]
[Site "Bratto - Castione della Presolana ITA"]
[Date "2008.08.29"]
[Round "8"]
[White "Tjiam, Dharma"]
[Black "Qendro, Llambi"]
[Result "1-0"]
[WhiteElo "2372"]
[BlackElo "2375"]
[PlyCount "65"]
[EventDate "2008.08.22"]

1. d4 g6 2. c4 Bg7 3. e4 d6 4. Nc3 e5 5. d5 a5 6. Bd3 Nd7 7. Nge2 Nc5 8. Bc2
Nf6 9. f3 Bd7 10. Bg5 O-O 11. Qd2 Qb8 12. b3 Qa7 13. Be3 Nh5 14. Rb1 b6 15. g4
Nf4 16. Nxf4 exf4 17. Bxf4 b5 18. Nxb5 Bxb5 19. cxb5 f5 20. exf5 gxf5 21. Bxf5
Rxf5 22. gxf5 Rf8 23. Kf1 Rxf5 24. Kg2 Qa8 25. Rbe1 Qf8 26. Bg3 Qf7 27. Qe2 Be5
28. Rhf1 Kh8 29. Qc4 Bf6 30. Kh1 h5 31. b6 cxb6 32. Bxd6 Nd7 33. Re4 1-0

[Event "XXVIII Festival Conca della Presolana A"]
[Site "Bratto - Castione della Presolana ITA"]
[Date "2008.08.29"]
[Round "8"]
[White "Vancini, Edoardo"]
[Black "Colovic, Aleksandar"]
[Result "0-1"]
[WhiteElo "2273"]
[BlackElo "2470"]
[PlyCount "46"]
[EventDate "2008.08.22"]

1. e4 c5 2. c3 Nf6 3. e5 Nd5 4. d4 cxd4 5. Nf3 e6 6. cxd4 d6 7. Bc4 Nb6 8. Bd3
dxe5 9. Nxe5 Nc6 10. Nxc6 bxc6 11. Be4 Nd5 12. O-O Bd6 13. Re1 Qc7 14. g3 O-O
15. Nd2 Ba6 16. Bg2 Qb6 17. Nf3 c5 18. Ne5 Rfd8 19. dxc5 Bxc5 20. Qf3 Nb4 21.
Be3 Bxe3 22. Rxe3 Nc2 23. Rb3 Qd6 0-1

[Event "XXVIII Festival Conca della Presolana A"]
[Site "Bratto - Castione della Presolana ITA"]
[Date "2008.08.29"]
[Round "8"]
[White "Vignoli, Matteo"]
[Black "Bertagia, Roldano"]
[Result "0-1"]
[WhiteElo "1992"]
[BlackElo "2019"]
[PlyCount "134"]
[EventDate "2008.08.22"]

1. e4 e5 2. Nf3 d6 3. d4 Be7 4. dxe5 Bg4 5. exd6 Bxd6 6. Be2 Nc6 7. O-O Nf6 8.
Nc3 h6 9. h3 Bh5 10. Be3 Qe7 11. Nd4 Bxe2 12. Qxe2 Nxe4 13. Nxc6 Nxc3 14. Qc4
Qd7 15. Nxa7 Nd5 16. Rfe1 O-O 17. Nb5 Ra5 18. Nxd6 Qxd6 19. a3 Rfa8 20. Qb3 c6
21. Rad1 Rb5 22. Qd3 Qb8 23. c4 Nxe3 24. cxb5 Nxd1 25. Rxd1 c5 26. Qd7 b6 27.
Re1 Qd8 28. Qxd8+ Rxd8 29. Kf1 Kf8 30. Re3 Rd2 31. b3 Rb2 32. g4 g5 33. Kg2 Kg7
34. Kg3 Kf6 35. f4 Rb1 36. f5 Rb2 37. Kf3 c4 38. bxc4 Rc2 39. Ke4 Rxc4+ 40. Kd3
Ra4 41. Kc2 Ra5 42. Rb3 Ra4 43. Rc3 h5 44. Kb3 Rf4 45. Rc6+ Ke5 46. Rxb6 hxg4
47. hxg4 Rxg4 48. Rb8 Rg1 49. Re8+ Kd6 50. Rf8 Kc5 51. Ka4 Kb6 52. Rb8+ Kc7 53.
Rh8 Rf1 54. Ka5 Kb7 55. Re8 Rxf5 56. Re7+ Kb8 57. Ka6 Rf4 58. Kb6 Rf6+ 59. Kc5
g4 60. a4 g3 61. a5 Rf5+ 62. Kc4 g2 63. Re1 Rf2 64. Kc5 f5 65. a6 Ka7 66. Ra1
Rf1 67. b6+ Kb8 0-1

[Event "XXVIII Festival Conca della Presolana A"]
[Site "Bratto - Castione della Presolana ITA"]
[Date "2008.08.29"]
[Round "8"]
[White "Vinzoni, Andrea"]
[Black "Zoldan, Matteo"]
[Result "1/2-1/2"]
[WhiteElo "2062"]
[BlackElo "2203"]
[PlyCount "27"]
[EventDate "2008.08.22"]

1. d4 Nf6 2. c4 e6 3. Nc3 Bb4 4. e3 b6 5. Bd3 Bb7 6. Nf3 Ne4 7. Qc2 Bxc3+ 8.
bxc3 f5 9. O-O O-O 10. Nd2 Qh4 11. f3 Nxd2 12. Bxd2 d6 13. Rae1 Nd7 14. e4
1/2-1/2

[Event "XXVIII Festival Conca della Presolana A"]
[Site "Bratto - Castione della Presolana ITA"]
[Date "2008.08.29"]
[Round "8"]
[White "Vocaturo, Daniele"]
[Black "David, Alberto"]
[Result "1/2-1/2"]
[WhiteElo "2417"]
[BlackElo "2568"]
[PlyCount "92"]
[EventDate "2008.08.22"]

1. e4 e6 2. Nf3 d5 3. Nc3 Nf6 4. e5 Nfd7 5. d4 c5 6. dxc5 Nc6 7. Bf4 Bxc5 8.
Bd3 f6 9. exf6 Nxf6 10. Qe2 O-O 11. O-O-O a6 12. Ne5 Bd6 13. Bg3 Qc7 14. Ng4
Nxg4 15. Qxg4 Ne5 16. Qh4 Nxd3+ 17. Rxd3 Bf4+ 18. Bxf4 Rxf4 19. Qg3 Qf7 20. f3
Bd7 21. Re1 Rc8 22. Ne2 Ra4 23. Kb1 Qf6 24. Rc3 Bc6 25. Nc1 d4 26. Rc5 b6 27.
Rg5 Bd5 28. Qe5 Qf7 29. Rg4 Ra5 30. Qf4 e5 31. Qxf7+ Bxf7 32. b4 Ra4 33. Rxe5
Rxb4+ 34. Nb3 Bg6 35. Rxd4 Bxc2+ 36. Kb2 Rxd4 37. Nxd4 Bd3 38. Re7 Bg6 39. Rb7
b5 40. Ra7 Rc4 41. Ne6 Rc2+ 42. Ka3 Rxg2 43. Rxg7+ Kh8 44. Ra7 Kg8 45. Rg7+ Kh8
46. Ra7 Kg8 1/2-1/2

[Event "XXVIII Festival Conca della Presolana A"]
[Site "Bratto - Castione della Presolana ITA"]
[Date "2008.08.29"]
[Round "8"]
[White "Zilahi, Gabor"]
[Black "Andreoli, Renato"]
[Result "1/2-1/2"]
[WhiteElo "2013"]
[BlackElo "2139"]
[PlyCount "42"]
[EventDate "2008.08.22"]

1. d4 Nf6 2. Bg5 e6 3. e4 h6 4. Bxf6 Qxf6 5. Nf3 d6 6. Nc3 Nd7 7. Qd2 c6 8.
O-O-O Be7 9. Kb1 e5 10. h4 Bd8 11. Bc4 O-O 12. Ne2 b5 13. Bd3 Bb6 14. c3 a5 15.
Bc2 a4 16. a3 Ba7 17. Ng3 Nb6 18. dxe5 dxe5 19. Qd6 Qxd6 20. Rxd6 Nc4 21. Rxc6
Bxf2 1/2-1/2

[Event "XXVIII Festival Conca della Presolana A"]
[Site "Bratto - Castione della Presolana ITA"]
[Date "2008.08.30"]
[Round "9"]
[White "Angelini, Marco"]
[Black "De Santis, Alessio"]
[Result "0-1"]
[WhiteElo "1987"]
[BlackElo "2295"]
[PlyCount "54"]
[EventDate "2008.08.22"]

1. e4 g6 2. d4 Bg7 3. c4 d6 4. Nc3 Nd7 5. Be3 a6 6. Nge2 e6 7. Qd2 h6 8. Ng3
Ne7 9. Bd3 Nc6 10. Bc2 e5 11. d5 Nd4 12. O-O-O c5 13. Kb1 b5 14. cxb5 axb5 15.
Nce2 Ba6 16. f4 b4 17. f5 Bc4 18. b3 Qa5 19. Nc1 Nb5 20. Ka1 Nc3 21. Bb1 Bb5
22. Rde1 c4 23. fxg6 fxg6 24. Qb2 cxb3 25. Nxb3 Qa4 26. Nf1 Bd3 27. a3 Bxb1 0-1

[Event "XXVIII Festival Conca della Presolana A"]
[Site "Bratto - Castione della Presolana ITA"]
[Date "2008.08.30"]
[Round "9"]
[White "Astengo, Corrado"]
[Black "Sbarra, Marco"]
[Result "1/2-1/2"]
[WhiteElo "2121"]
[BlackElo "2236"]
[PlyCount "106"]
[EventDate "2008.08.22"]

1. c4 Nf6 2. Nf3 e6 3. g3 d5 4. b3 d4 5. Bb2 c5 6. e3 Nc6 7. exd4 cxd4 8. Bg2
Bc5 9. O-O O-O 10. Re1 Nd7 11. b4 Nxb4 12. Bxd4 Bxd4 13. Nxd4 Nd3 14. Re3 Nxf2
15. Qe2 Nf6 16. Nb3 N2g4 17. Rd3 Qc7 18. Rd4 e5 19. Rd3 e4 20. Rd4 a5 21. a4
Ne5 22. Nc3 Nc6 23. Nxe4 Nxd4 24. Nxf6+ gxf6 25. Nxd4 Qc5 26. Qf2 Rd8 27. Bd5
Rxd5 28. cxd5 Qxd5 29. Re1 Bh3 30. Re3 Rd8 31. Nf3 Qc4 32. Re7 Qxa4 33. Ng5 Be6
34. Nxe6 Qa1+ 35. Kg2 fxe6 36. Qe2 Qe5 37. Qg4+ Qg5 38. Qxe6+ Kh8 39. Rxh7+
Kxh7 40. Qe7+ Kg6 41. Qxd8 Qb5 42. Qg8+ Kf5 43. Qh7+ Ke6 44. Qg8+ Ke5 45. Qb8+
Kd5 46. Qd8+ Kc5 47. Qe7+ Kb6 48. Qd8+ Ka7 49. Qd4+ b6 50. h4 a4 51. h5 a3 52.
h6 Qe2+ 53. Kg1 Qe1+ 1/2-1/2

[Event "XXVIII Festival Conca della Presolana A"]
[Site "Bratto - Castione della Presolana ITA"]
[Date "2008.08.30"]
[Round "9"]
[White "Bellavita, Guido"]
[Black "Cereda, Loris"]
[Result "1/2-1/2"]
[WhiteElo "2101"]
[BlackElo "2043"]
[PlyCount "90"]
[EventDate "2008.08.22"]

1. c4 e5 2. Nc3 Nc6 3. g3 Bb4 4. Bg2 d6 5. d3 f5 6. Bd2 Nf6 7. e3 O-O 8. Nge2
Qe8 9. a3 Bxc3 10. Nxc3 Qg6 11. Nd5 Nxd5 12. cxd5 Ne7 13. Rc1 c6 14. dxc6 bxc6
15. Qa4 Bd7 16. O-O Qe6 17. Qc4 d5 18. Qc5 Rfb8 19. Bb4 Ng6 20. Qc2 a5 21. Bc5
a4 22. Rfe1 Qf6 23. d4 e4 24. Bb4 Rb6 25. Bf1 h5 26. Qd2 h4 27. f4 Kf7 28. Bg2
Rh8 29. Kf2 Bc8 30. Bc5 Rb8 31. Ba7 Rb3 32. Rc3 Rxc3 33. Qxc3 Ba6 34. Qa5 Bb5
35. Qc7+ Qe7 36. Qxe7+ Kxe7 37. Bc5+ Kd7 38. Kg1 hxg3 39. hxg3 Rb8 40. Bb4 Nh8
41. Bh3 Ke6 42. g4 g6 43. Kf2 Nf7 44. gxf5+ gxf5 45. Rg1 Kf6 1/2-1/2

[Event "XXVIII Festival Conca della Presolana A"]
[Site "Bratto - Castione della Presolana ITA"]
[Date "2008.08.30"]
[Round "9"]
[White "Bernardi, Ruben"]
[Black "Zilahi, Gabor"]
[Result "1-0"]
[WhiteElo "2140"]
[BlackElo "2013"]
[PlyCount "73"]
[EventDate "2008.08.22"]

1. e4 g6 2. f4 d6 3. Nf3 Bg7 4. Nc3 a6 5. d4 e6 6. Be2 Nd7 7. Be3 Ne7 8. Qd2 b5
9. O-O Bb7 10. a3 Nf6 11. Qd3 Ng4 12. Bc1 O-O 13. h3 Nf6 14. Be3 Nh5 15. Kh2
Nf6 16. g4 d5 17. e5 Ne4 18. b4 Nc8 19. Ng5 Nxc3 20. Qxc3 h6 21. Nf3 Nb6 22. f5
exf5 23. gxf5 Re8 24. f6 Bf8 25. Rg1 Nc4 26. Bf4 Nd6 27. Qe1 Ne4 28. Qf1 Qd7
29. Nh4 Kh7 30. Qg2 g5 31. Bg4 Qc6 32. Bf5+ Kh8 33. Rae1 Bxb4 34. axb4 Rg8 35.
Qg4 gxf4 36. Qh5 Qxc2+ 37. Re2 1-0

[Event "XXVIII Festival Conca della Presolana A"]
[Site "Bratto - Castione della Presolana ITA"]
[Date "2008.08.30"]
[Round "9"]
[White "Brunello, Sabino"]
[Black "Matamoros Franco, Carlos S."]
[Result "0-1"]
[WhiteElo "2482"]
[BlackElo "2508"]
[PlyCount "114"]
[EventDate "2008.08.22"]

1. d4 Nf6 2. c4 g6 3. g3 Bg7 4. Bg2 O-O 5. Nf3 d6 6. Nc3 Nbd7 7. O-O e5 8. b3
Re8 9. e3 c6 10. Qc2 exd4 11. Nxd4 Qe7 12. Ba3 Nc5 13. Rad1 h5 14. b4 Nce4 15.
Nxe4 Nxe4 16. Rfe1 a5 17. b5 c5 18. Ne2 Nxf2 19. Kxf2 Qxe3+ 20. Kf1 Qxa3 21.
Rd3 Qb2 22. Qxb2 Bxb2 23. Rxd6 Rb8 24. Nf4 Kf8 25. Rxe8+ Kxe8 26. Rd2 Bd4 27.
Be4 b6 28. Kg2 Kf8 29. Re2 g5 30. Nd5 Be6 31. h3 Kg7 32. Bd3 Bf6 33. Nc7 Bd7
34. Be4 Rc8 35. Nd5 Rb8 36. Bf3 g4 37. hxg4 hxg4 38. Be4 Be6 39. Nc7 Bxc4 40.
Rc2 Be6 41. Nxe6+ fxe6 42. Bd3 Rd8 43. Bc4 Rd6 44. Re2 Rd4 45. Bxe6 c4 46. a4
c3 47. Bb3 Rb4 48. Bc2 Rb2 49. Kf1 Ra2 50. Rg2 Be5 51. Ke1 Kh6 52. Kd1 Kg5 53.
Rf2 Bxg3 54. Rf5+ Kh4 55. Rf6 Bc7 56. Rc6 Bd8 57. Rxc3 g3 0-1

[Event "XXVIII Festival Conca della Presolana A"]
[Site "Bratto - Castione della Presolana ITA"]
[Date "2008.08.30"]
[Round "9"]
[White "Burmakin, Vladimir"]
[Black "Epishin, Vladimir V."]
[Result "1/2-1/2"]
[WhiteElo "2625"]
[BlackElo "2574"]
[PlyCount "25"]
[EventDate "2008.08.22"]

1. d4 Nf6 2. Nf3 g6 3. g3 Bg7 4. Bg2 O-O 5. O-O d6 6. b3 Bf5 7. Bb2 Qd7 8. Nbd2
c6 9. Re1 Bh3 10. e4 Bxg2 11. Kxg2 Na6 12. a3 d5 13. Qe2 1/2-1/2

[Event "XXVIII Festival Conca della Presolana A"]
[Site "Bratto - Castione della Presolana ITA"]
[Date "2008.08.30"]
[Round "9"]
[White "Cardili, Mariano"]
[Black "Pesce, Gabriele"]
[Result "0-1"]
[WhiteElo "2100"]
[BlackElo "2102"]
[PlyCount "86"]
[EventDate "2008.08.22"]

1. d4 Nf6 2. c4 g6 3. Nc3 Bg7 4. e4 d6 5. Nf3 O-O 6. Be2 e5 7. O-O Nc6 8. d5
Ne7 9. Ne1 Nd7 10. Nd3 f5 11. Bd2 Nf6 12. f3 f4 13. c5 g5 14. Rc1 Ng6 15. cxd6
cxd6 16. Nb5 Qb6+ 17. Nf2 Rf7 18. a4 h5 19. a5 Qd8 20. Bb4 Bf8 21. h3 Rg7 22.
Qb3 g4 23. hxg4 Nh4 24. Rc2 Ne8 25. Rfc1 hxg4 26. fxg4 f3 27. gxf3 Rh7 28. Bd2
Bh6 29. Bxh6 Rxh6 30. Nc7 Nxc7 31. Rxc7 Ng6 32. Qb5 Nf4 33. Kf1 a6 34. Qb6 Bd7
35. Qxb7 Rh7 36. Qb6 Qh4 37. Qxd6 Qg3 38. Ke1 Rh1+ 39. Kd2 Qxf2 40. Rc8+ Rxc8
41. Rxc8+ Bxc8 42. Qd8+ Kf7 43. Qc7+ Kg6 0-1

[Event "XXVIII Festival Conca della Presolana A"]
[Site "Bratto - Castione della Presolana ITA"]
[Date "2008.08.30"]
[Round "9"]
[White "Carrara, Diego"]
[Black "De Florio, Federico"]
[Result "0-1"]
[WhiteElo "2043"]
[BlackElo "2106"]
[PlyCount "108"]
[EventDate "2008.08.22"]

1. Nc3 d5 2. e4 dxe4 3. Nxe4 Nd7 4. d4 Ngf6 5. Nxf6+ Nxf6 6. Nf3 Bg4 7. Be2 e6
8. O-O Be7 9. c3 O-O 10. h3 Bh5 11. Ne5 Bxe2 12. Qxe2 c5 13. dxc5 Bxc5 14. Bg5
Qc7 15. Bxf6 gxf6 16. Ng4 Qf4 17. Rad1 Rad8 18. Rd3 Rxd3 19. Qxd3 Bb6 20. g3
Qg5 21. Qf3 f5 22. Ne3 Bxe3 23. Qxe3 Qxe3 24. fxe3 Rd8 25. Rf2 Rd3 26. Re2 Kg7
27. Kf2 e5 28. Kg2 e4 29. c4 Kf6 30. b3 Ke5 31. Kf2 h5 32. h4 a5 33. Rc2 Kd6
34. Ke2 Kc5 35. Rd2 Rxd2+ 36. Kxd2 Kb4 37. Kc2 Ka3 38. Kb1 f6 39. Kc2 Kxa2 40.
c5 f4 41. gxf4 f5 42. Kc3 Kb1 43. Kc4 Kc2 44. Kb5 Kxb3 45. Kxa5 Kc4 46. Kb6 Kb4
47. c6 bxc6 48. Kxc6 Kc4 49. Kd6 Kd3 50. Ke5 Kxe3 51. Kxf5 Kf3 52. Kg5 e3 53.
f5 e2 54. f6 e1=Q 0-1

[Event "XXVIII Festival Conca della Presolana A"]
[Site "Bratto - Castione della Presolana ITA"]
[Date "2008.08.30"]
[Round "9"]
[White "Cebalo, Miso"]
[Black "Scalcione, Michelangelo"]
[Result "1/2-1/2"]
[WhiteElo "2523"]
[BlackElo "2398"]
[PlyCount "83"]
[EventDate "2008.08.22"]

1. d4 d6 2. Nf3 Nf6 3. c4 g6 4. Nc3 Bf5 5. g3 Ne4 6. Nxe4 Bxe4 7. Bh3 Bxf3 8.
exf3 Bg7 9. O-O O-O 10. Be3 d5 11. Qb3 Nc6 12. Qxb7 Nxd4 13. Qxd5 Qxd5 14. cxd5
Rab8 15. Rad1 Ne2+ 16. Kg2 Rxb2 17. a3 Rd8 18. Bxa7 Nc3 19. Rc1 Nxd5 20. f4 e6
21. Kg1 Rb3 22. Bg2 Rxa3 23. Bc5 Ra2 24. Rfd1 c6 25. Be3 Bf8 26. Bd4 Rc8 27.
Be5 Raa8 28. Rc2 Bg7 29. Bxg7 Kxg7 30. Rdc1 Ra6 31. Bxd5 exd5 32. Rc5 d4 33.
R5c4 d3 34. Rd4 Ra3 35. Rd1 c5 36. R4xd3 Ra7 37. Rc3 c4 38. Rd4 Rac7 39. Kg2 f5
40. Kf3 Kf6 41. h4 Kg7 42. Kg2 1/2-1/2

[Event "XXVIII Festival Conca della Presolana A"]
[Site "Bratto - Castione della Presolana ITA"]
[Date "2008.08.30"]
[Round "9"]
[White "Colovic, Aleksandar"]
[Black "Korneev, Oleg"]
[Result "1/2-1/2"]
[WhiteElo "2470"]
[BlackElo "2631"]
[PlyCount "52"]
[EventDate "2008.08.22"]

1. d4 d5 2. c4 c6 3. cxd5 cxd5 4. Nc3 Nf6 5. Bf4 Nc6 6. e3 a6 7. Bd3 Bg4 8.
Nge2 e6 9. O-O Be7 10. a3 O-O 11. Rc1 Bh5 12. Na4 Bg6 13. b4 Bxd3 14. Qxd3 Ne4
15. f3 Nd6 16. Nc5 b5 17. Bxd6 Bxd6 18. e4 Ne7 19. e5 Bxc5 20. Rxc5 Rc8 21. f4
Rxc5 22. dxc5 Nc6 23. Nd4 Nxd4 24. Qxd4 Qd7 25. Rd1 g6 26. Rd3 Rd8 1/2-1/2

[Event "XXVIII Festival Conca della Presolana A"]
[Site "Bratto - Castione della Presolana ITA"]
[Date "2008.08.30"]
[Round "9"]
[White "Cordara, Michele"]
[Black "Hanly, Steven"]
[Result "1/2-1/2"]
[WhiteElo "2146"]
[BlackElo "2020"]
[PlyCount "85"]
[EventDate "2008.08.22"]

1. c4 e6 2. Nf3 Nf6 3. g3 b6 4. Bg2 Bb7 5. O-O c5 6. Nc3 Be7 7. b3 O-O 8. Bb2
d5 9. cxd5 Nxd5 10. Rc1 Nd7 11. d4 Nxc3 12. Bxc3 Rc8 13. Qd2 Nf6 14. dxc5 Qxd2
15. Nxd2 Bxg2 16. Kxg2 Bxc5 17. Bxf6 gxf6 18. Ne4 Be7 19. g4 Rfd8 20. Rfd1 Rxc1
21. Rxc1 Rd7 22. Rc8+ Kg7 23. Ra8 Rc7 24. Kf3 Bb4 25. Ng3 Bc3 26. h4 Be5 27. e3
Bxg3 28. Kxg3 a5 29. Rb8 Rc2 30. a3 Rc6 31. Rb7 Rd6 32. Kf3 Rc6 33. Ke2 Rc2+
34. Kf3 Rc6 35. Rb8 Kg6 36. Rg8+ Kh6 37. Rb8 Kg7 38. Kg3 Rd6 39. Kg2 Rc6 40.
Kf1 Rc1+ 41. Ke2 Rc2+ 42. Ke1 Rb2 43. Rxb6 1/2-1/2

[Event "XXVIII Festival Conca della Presolana A"]
[Site "Bratto - Castione della Presolana ITA"]
[Date "2008.08.30"]
[Round "9"]
[White "Cugini, Verter"]
[Black "Pegoraro, Nicola"]
[Result "1/2-1/2"]
[WhiteElo "2167"]
[BlackElo "2021"]
[PlyCount "74"]
[EventDate "2008.08.22"]

1. e4 c5 2. g3 Nc6 3. Bg2 g6 4. Ne2 Bg7 5. O-O d6 6. Nbc3 e6 7. d3 Nge7 8. Be3
Nd4 9. Qd2 O-O 10. Nd1 Bd7 11. Nxd4 cxd4 12. Bh6 Bxh6 13. Qxh6 Rc8 14. c4 dxc3
15. Nxc3 Qb6 16. Qd2 Nc6 17. Rfc1 Nd4 18. Ne2 Nxe2+ 19. Qxe2 Bb5 20. Bf1 Qd4
21. Qd2 b6 22. Rc3 Rc5 23. Rac1 Rfc8 24. Qe3 Qa4 25. Rxc5 Rxc5 26. Rxc5 dxc5
27. a3 Qd1 28. f4 c4 29. Qe2 Qxe2 30. Bxe2 cxd3 31. Bd1 f6 32. e5 Kf7 33. Kf2
fxe5 34. fxe5 Ke7 35. a4 Ba6 36. b4 Bc4 37. Ke3 Ba6 1/2-1/2

[Event "XXVIII Festival Conca della Presolana A"]
[Site "Bratto - Castione della Presolana ITA"]
[Date "2008.08.30"]
[Round "9"]
[White "Damia, Angelo"]
[Black "Piscopo, Pierluigi"]
[Result "0-1"]
[WhiteElo "2247"]
[BlackElo "2389"]
[PlyCount "44"]
[EventDate "2008.08.22"]

1. d4 Nf6 2. Nc3 c5 3. Bg5 Qa5 4. Bxf6 gxf6 5. dxc5 Qxc5 6. Qd2 f5 7. e4 fxe4
8. Nxe4 Qe5 9. Qe2 Bg7 10. c3 d5 11. Ng3 Qc7 12. O-O-O Be6 13. Nh5 Bh6+ 14. Kb1
Nc6 15. Nf3 O-O-O 16. Qc2 d4 17. Bb5 Nb4 18. Qe4 dxc3 19. bxc3 Qxc3 20. Qxe6+
fxe6 21. Rc1 Bxc1 22. Rxc1 Rd1 0-1

[Event "XXVIII Festival Conca della Presolana A"]
[Site "Bratto - Castione della Presolana ITA"]
[Date "2008.08.30"]
[Round "9"]
[White "Davi, Alessandro"]
[Black "Galli, Fabio"]
[Result "1/2-1/2"]
[WhiteElo "2009"]
[BlackElo "2070"]
[PlyCount "54"]
[EventDate "2008.08.22"]

1. d4 d6 2. c4 e5 3. e3 Nc6 4. Ne2 g6 5. g3 Bg7 6. Bg2 Nge7 7. O-O O-O 8. Nbc3
exd4 9. Nxd4 Nxd4 10. exd4 Nf5 11. Be3 Re8 12. Qd3 c6 13. Rae1 Bd7 14. d5 Nxe3
15. Rxe3 Rxe3 16. Qxe3 c5 17. Re1 Bd4 18. Qf4 Be5 19. Qe3 f5 20. Kh1 Qf6 21.
Nd1 Re8 22. Qb3 b6 23. Qa3 a5 24. Qb3 Qd8 25. a4 Bd4 26. Ne3 Bxe3 27. fxe3 Re5
1/2-1/2

[Event "XXVIII Festival Conca della Presolana A"]
[Site "Bratto - Castione della Presolana ITA"]
[Date "2008.08.30"]
[Round "9"]
[White "David, Alberto"]
[Black "Lucaroni, Massimiliano"]
[Result "1/2-1/2"]
[WhiteElo "2568"]
[BlackElo "2289"]
[PlyCount "137"]
[EventDate "2008.08.22"]

1. Nf3 d5 2. d4 e6 3. c4 c5 4. cxd5 exd5 5. g3 Nf6 6. Bg2 Nc6 7. O-O Be7 8. Nc3
O-O 9. Bg5 cxd4 10. Nxd4 h6 11. Be3 Bg4 12. Qa4 Qd7 13. Rfd1 Bh3 14. Bh1 Rfe8
15. Nb3 Qf5 16. Nxd5 Ng4 17. Be4 Qe5 18. Bf4 Qxb2 19. Rab1 Qxe2 20. Rd2 b5 21.
Rxe2 bxa4 22. Nc7 axb3 23. Bxc6 bxa2 24. Rxa2 Rab8 25. Nb5 Bc5 26. Bxb8 Rxb8
27. Bg2 Nxf2 28. Bxh3 Nxh3+ 29. Kg2 Ng5 30. Rbb2 Ne6 31. Nc3 Rd8 32. Ne4 Bd4
33. Rb7 Nc5 34. Nxc5 Bxc5 35. Rc2 Bb6 36. Re2 g6 37. Kf3 Rd6 38. Re4 Rf6+ 39.
Rf4 Kg7 40. Ke4 Re6+ 41. Kd5 Rf6 42. Rd7 h5 43. Re7 g5 44. Rxf6 Kxf6 45. Re4
Kf5 46. h3 Bf2 47. g4+ hxg4 48. hxg4+ Kg6 49. Re2 Bb6 50. Rc2 Kg7 51. Rc4 Kg6
52. Ke5 f6+ 53. Ke6 Kg7 54. Rc8 Bd4 55. Rd8 Be5 56. Rd7+ Kg8 57. Rxa7 Bc3 58.
Kf5 Kf8 59. Kg6 Be5 60. Rf7+ Ke8 61. Rxf6 Bxf6 62. Kxf6 Kf8 63. Kxg5 Kg7 64.
Kf5 Kf7 65. g5 Kg7 66. g6 Kg8 67. Kf6 Kf8 68. g7+ Kg8 69. Kg6 1/2-1/2

[Event "XXVIII Festival Conca della Presolana A"]
[Site "Bratto - Castione della Presolana ITA"]
[Date "2008.08.30"]
[Round "9"]
[White "De Haan, Eric"]
[Black "Moncelli, Giorgio"]
[Result "1-0"]
[WhiteElo "2356"]
[BlackElo "2105"]
[PlyCount "61"]
[EventDate "2008.08.22"]

1. d4 d5 2. c4 e6 3. Nc3 Nf6 4. Bg5 Be7 5. Nf3 O-O 6. e3 h6 7. Bxf6 Bxf6 8. Qb3
c6 9. O-O-O Nd7 10. h4 g6 11. g4 Bg7 12. Kb1 Qe7 13. Ka1 dxc4 14. Bxc4 e5 15.
g5 h5 16. d5 Nb6 17. e4 Qc5 18. Nd2 Qxf2 19. dxc6 Nxc4 20. cxb7 Bxb7 21. Nxc4
Rab8 22. Qa3 Rfd8 23. Qe7 Rxd1+ 24. Rxd1 Ba6 25. Qd6 Bxc4 26. Qxb8+ Kh7 27. a4
Qxh4 28. Qxa7 Bb3 29. Rg1 Bf8 30. Qb8 Qf2 31. Rb1 1-0

[Event "XXVIII Festival Conca della Presolana A"]
[Site "Bratto - Castione della Presolana ITA"]
[Date "2008.08.30"]
[Round "9"]
[White "Fierro Baquero, Martha Lorena"]
[Black "Godena, Michele"]
[Result "1-0"]
[WhiteElo "2379"]
[BlackElo "2519"]
[PlyCount "52"]
[EventDate "2008.08.22"]

1. e4 e5 2. Nf3 Nc6 3. Bb5 a6 4. Ba4 Nf6 5. d3 b5 6. Bb3 Bc5 7. a4 b4 8. O-O d6
9. Be3 Bg4 10. Bxc5 dxc5 11. Nbd2 O-O 12. h3 Bxf3 13. Nxf3 Na5 14. Nxe5 Qd4 15.
Nf3 Qxb2 16. Rb1 Qc3 17. e5 Nh5 18. Qc1 Rad8 19. g4 c4 20. Bxc4 Nxc4 21. Rb3
Nxe5 22. Rxc3 Nxf3+ 23. Kg2 Nh4+ 24. Kh1 bxc3 25. gxh5 Rd5 26. h6 26... Rh5 {
...} 1-0